00728nam a2200181Ia 4500008004100000020001500041041001200056082001600068100001300084245003700097260002500134300000800159650001400167942000700181999001500188952017200203952017100375221030s9999 xx 000 0 und d a0070529124 aEnglish a105.23bKeo aJ. Keogh 0aJ2EE TM : The Complete Reference bTMHaNew Delhic2006 a886 aComputers cBK c2604d2604 pM 894g495.00l0o105.23 Keor2024-06-10 00:00:00w2022-10-30yBK003Print4070aMIETLIBbMIETLIBcBL-Academic Block- B, FL-2, CUP-122, SH-5, R-5d2006-09-0210HMCA pM 895g495.00l0o105.23 Keor2024-06-10 00:00:00w2022-10-30yBK003Print4070aMIETLIBbMIETLIBcBL-Academic Block- B, FL-2, CUP-80, SH-1, R-1d2006-09-0210HMCA